| 000 | 00385nam a22001577a 4500 | ||
|---|---|---|---|
| 999 |
_c478772 _d478772 |
||
| 003 | NUST | ||
| 005 | 20180717050951.0 | ||
| 008 | 180717b ||||| |||| 00| 0 eng d | ||
| 038 | _a0 | ||
| 082 | _a330 | ||
| 100 | _4Shabir Hyder | ||
| 245 | _aEmigration, trade and foreign direct investment in Pakistan | ||
| 260 |
_aIslamabad _bFUUAST _c2010 |
||
| 300 | _a150p | ||
| 942 |
_2ddc _cTHE |
||